Stromy, kořeny a kluk /
Uloženo v:
| Hlavní autor: | |
|---|---|
| Další autoři: | |
| Médium: | Audiokniha |
| Jazyk: | Czech |
| Vydáno: |
[Praha] :
Tympanum, s.r.o.,
2025
|
| Témata: | |
| Celkem bylo vypůjčeno: | 0x |
| Tagy: |
Žádné tagy |
| LEADER | 01890nim a2200517 i 4500 | ||
|---|---|---|---|
| 001 | 106422 | ||
| 003 | CZ PrNK | ||
| 005 | 20260602073448.0 | ||
| 007 | sd fungnnmmned | ||
| 008 | 250916t20252025xr nnnnj f n cze | ||
| 024 | 3 | |a 8595693411391 | |
| 040 | |a ABA001 |b cze |e rda | ||
| 072 | 7 | |a 821.162.3 |x Česká literatura |2 Konspekt |9 25 | |
| 072 | 7 | |a 821-93 |x Literatura pro děti a mládež (beletrie) |2 Konspekt |9 26 | |
| 080 | |a 821.162.3-32 |2 MRF | ||
| 080 | |a (0:82-32) |2 MRF | ||
| 080 | |a (086.7.053.2) |2 MRF | ||
| 080 | |a (086.7)08 |2 MRF | ||
| 080 | |a (086.76) |2 MRF | ||
| 100 | 1 | |a Míková, Marka, |d 1959- |7 ola2002158889 |4 aut |9 21434 |4 nrt | |
| 245 | 1 | 0 | |a Stromy, kořeny a kluk / |c Marka Míková |
| 264 | 1 | |a [Praha] : |b Tympanum, s.r.o., |c 2025 | |
| 264 | 4 | |c ℗2025 | |
| 300 | |a 1 audiodisk (3 hod., 9 min.) ; |c 12 cm | ||
| 336 | |a mluvené slovo |b spw |2 rdacontent | ||
| 337 | |a audio |b s |2 rdamedia | ||
| 338 | |a audiodisk |b sd |2 rdacarrier | ||
| 344 | |a digital | ||
| 500 | |a Název z disku | ||
| 500 | |a Podle stejnojmenné knihy vydané nakladatelstvím Argo v roce 2024 | ||
| 500 | |a Nezkrácená verze na 1 mp3 CD | ||
| 508 | |a Režie, Klára Vejda Melicharová | ||
| 511 | 0 | |a Čte Marka Míková | |
| 655 | 7 | |a české příběhy |7 fd133973 |2 czenas |9 54030 | |
| 655 | 7 | |a zvukové záznamy pro děti a mládež |7 fd186726 |2 czenas |9 408 | |
| 655 | 7 | |a audioknihy |7 fd119452 |2 czenas |9 53385 | |
| 655 | 7 | |a kompaktní disky |7 fd201991 |2 czenas |9 54543 | |
| 655 | 9 | |a Czech stories |2 eczenas | |
| 655 | 9 | |a juvenile sound recordings |2 eczenas | |
| 655 | 9 | |a audiobooks |2 eczenas | |
| 655 | 9 | |a compact discs |2 eczenas | |
| 700 | 1 | |a Vejda Melicharová, Klára, |d 1996- |7 xx0315247 |4 drt |9 117392 | |
| 910 | |a UOG502 | ||
| 942 | |2 ddc |c AK | ||
| 999 | |d 106422 | ||
| 993 | |0 0 |1 421180107136 |2 ddc |4 0 |7 0 |9 99843 |b 0 |c 107136 |d 2026-06-02 |e 0 |f M |h 298.00 |i Koupě |l M |r 2026-06-02 |t 8 |w 2026-06-02 |y AK |z AUDIO |n | ||